000 00321 a2200157 4500
001 171380
020 _a
040 _cMagnum
100 _aAmaro, Fabio
240 1 0 _aUma historia de arrepiar
_lpor
245 1 0 _aUma historia de arrepiar
362 0 _a1899
440 1 _aRHJ
697 _aIJ/ECOLOGIA
942 _cBK
999 _c171380
_d171380